000 00604nam a2200229Ia 4500
003 OSt
005 20220928102633.0
006 a|||||r|||| 00| 0
007 ta
008 220927b |||||||| |||| 00| 0 eng d
024 _a129902
037 _cTextual
040 _aSDCL
_cSDCL
_beng
041 _2eng
_aeng
082 _aO152:gN4, L7
100 _aSingh Sukhbir
_9399523
245 0 _aSameeksha ka naye pratiman.
260 _aNew Delhi
_bTakshsheela Prakashan
_c1977
300 _a171p.
_ccm.
942 _hO152:gN4, L7
_cTEXL
_2CC
999 _c715387
_d715387